My painted house, my friendly chicken, and me / ... Read More
Available copies
- 1 of 1 copy available at LARL/NWRL Consortium.
- 1 of 1 copy available at Lake Agassiz Regional Library. (Show preferred library)
Current holds
0 current holds with 1 total copy.
Show Only Available Copies
| Location | Call Number / Copy Notes | Barcode | Shelving Location | Status | Due Date |
|---|---|---|---|---|---|
| Fosston Public Library | E 704 Ang (Text) | 33500007135510 | Main | Available | - |
Record details
- ISBN: 0517596679
- Physical Description: 1 v. (unpaged) : col. ill. ; 26 cm.
- Publisher: New York : C. Potter, c1994.
Content descriptions
| Summary, etc.: | A south African girl describes her pet chicken, ... Read More |
Search for related items by subject
| Subject: | Women, Ndebele > Juvenile literature. Art, Ndebele. South Africa > Social life and customs. |
| LDR | 01088cam a2200277Ia 4500 | ||
|---|---|---|---|
| 001 | 15036 | ||
| 003 | LARL_NWRL_CONSORTIUM | ||
| 005 | 19950302123247.0 | ||
| 008 | 941026s1994 nyu 000 0 eng d | ||
| 010 | . | ‡a93045735 | |
| 020 | . | ‡a0517596679 | |
| 035 | . | ‡a(OCoLC)29798705 ‡z(OCoLC)31360387 | |
| 040 | . | ‡aBVD ‡cBVD | |
| 092 | . | ‡a704 ‡bAng | |
| 100 | 1 | . | ‡aAngelou, Maya. ‡0(LARL_NWRL_CONSORTIUM)632 |
| 245 | 1 | 0. | ‡aMy painted house, my friendly chicken, and me / ‡cMaya Angelou ; photographs by Margaret Courtney-Clarke. |
| 260 | . | ‡aNew York : ‡bC. Potter, ‡cc1994. | |
| 300 | . | ‡a1 v. (unpaged) : ‡bcol. ill. ; ‡c26 cm. | |
| 520 | . | ‡aA south African girl describes her pet chicken, painting special designs on her house, dressing up for school, and her mischievous brother. | |
| 650 | 0. | ‡aWomen, Ndebele ‡vJuvenile literature. | |
| 650 | 1. | ‡aArt, Ndebele. ‡0(LARL_NWRL_CONSORTIUM)159979 | |
| 651 | 1. | ‡aSouth Africa ‡xSocial life and customs. ‡0(LARL_NWRL_CONSORTIUM)175191 | |
| 700 | 1 | . | ‡aCourtney-Clarke, Margaret, ‡d1949- ‡0(LARL_NWRL_CONSORTIUM)78164 |
| 901 | . | ‡a15036 ‡bOCLC ‡c15036 ‡tbiblio | |

Add to basket
Permalink
Disable Highlighting